<?xml version="1.0" encoding="UTF-8"?>
<record
    xmlns:xsi="http://www.w3.org/2001/XMLSchema-instance"
    xsi:schemaLocation="http://www.loc.gov/MARC21/slim http://www.loc.gov/standards/marcxml/schema/MARC21slim.xsd"
    xmlns="http://www.loc.gov/MARC21/slim">

  <leader>00518nam a22001577a 4500</leader>
  <controlfield tag="003">0</controlfield>
  <controlfield tag="005">20231107095159.0</controlfield>
  <controlfield tag="008">230624b        xxu||||| |||| 00| 0 eng d</controlfield>
  <datafield tag="050" ind1=" " ind2=" ">
    <subfield code="a">BF 637</subfield>
    <subfield code="b">.U9 2022</subfield>
  </datafield>
  <datafield tag="100" ind1=" " ind2=" ">
    <subfield code="a">Uy, Ysabelle Andrea H.</subfield>
  </datafield>
  <datafield tag="245" ind1=" " ind2=" ">
    <subfield code="a">Altruistic personality and self-compassion of health care workers during the pandemic</subfield>
    <subfield code="c">Uy, Ysabelle Andrea H.</subfield>
  </datafield>
  <datafield tag="260" ind1=" " ind2=" ">
    <subfield code="a">Las Pi&#xF1;as City</subfield>
    <subfield code="b">Southville International School and Colleges</subfield>
    <subfield code="c">c2022</subfield>
  </datafield>
  <datafield tag="300" ind1=" " ind2=" ">
    <subfield code="a">186pp. </subfield>
    <subfield code="c">28cm. </subfield>
  </datafield>
  <datafield tag="500" ind1=" " ind2=" ">
    <subfield code="a">Altruism.</subfield>
  </datafield>
  <datafield tag="942" ind1=" " ind2=" ">
    <subfield code="2">lcc</subfield>
    <subfield code="c">TH</subfield>
  </datafield>
  <datafield tag="999" ind1=" " ind2=" ">
    <subfield code="c">365083</subfield>
    <subfield code="d">365083</subfield>
  </datafield>
  <datafield tag="952" ind1=" " ind2=" ">
    <subfield code="0">0</subfield>
    <subfield code="1">0</subfield>
    <subfield code="2">lcc</subfield>
    <subfield code="4">0</subfield>
    <subfield code="a">CL</subfield>
    <subfield code="b">CL</subfield>
    <subfield code="c">THESES</subfield>
    <subfield code="d">2023-06-24</subfield>
    <subfield code="e">DONATION</subfield>
    <subfield code="l">0</subfield>
    <subfield code="o">BF 637 U9 2022</subfield>
    <subfield code="p">T1200</subfield>
    <subfield code="r">2023-06-24 00:00:00</subfield>
    <subfield code="w">2023-06-24</subfield>
    <subfield code="y">TH</subfield>
  </datafield>
</record>
